<?xml version="1.0" encoding="UTF-8"?>
<collection xmlns="http://www.loc.gov/MARC21/slim">
 <record>
  <leader>02439nam a2200289 a 4500</leader>
  <controlfield tag="001">TVCDKTCT10832</controlfield>
  <controlfield tag="003">Thư viện trường Cao đẳng Kỹ thuật Cao Thắng</controlfield>
  <controlfield tag="005">20170524135744.9</controlfield>
  <controlfield tag="008">090428</controlfield>
  <datafield tag="980" ind1="\" ind2="\">
   <subfield code="a">Thư viện Trường CĐ Kỹ Thuật Cao Thắng</subfield>
  </datafield>
  <datafield tag="024" ind1=" " ind2=" ">
   <subfield code="a">RG_1 #1 eb0 i1</subfield>
  </datafield>
  <datafield tag="020" ind1="#" ind2="#">
   <subfield code="a">0735614377</subfield>
  </datafield>
  <datafield tag="041" ind1="0" ind2="#">
   <subfield code="a">vie</subfield>
  </datafield>
  <datafield tag="082" ind1="#" ind2="#">
   <subfield code="a">005.7 / </subfield>
   <subfield code="b">W311S-d</subfield>
  </datafield>
  <datafield tag="100" ind1="1" ind2="#">
   <subfield code="a">Holme Dan</subfield>
  </datafield>
  <datafield tag="245" ind1="0" ind2="0">
   <subfield code="a">MCSA/MCSE Self-Paced Training Kit (Exam 70-200): Managing and Maintaining a Microsoft Windows server 2003 environment / </subfield>
   <subfield code="c">Holme Dan, Thomas Orin</subfield>
  </datafield>
  <datafield tag="250" ind1="#" ind2="#">
   <subfield code="a">In lần thứ 1</subfield>
  </datafield>
  <datafield tag="260" ind1="#" ind2="#">
   <subfield code="a">Washington : </subfield>
   <subfield code="b">Microsoft Press , </subfield>
   <subfield code="c">2003</subfield>
  </datafield>
  <datafield tag="300" ind1="#" ind2="#">
   <subfield code="a">464tr. ; </subfield>
   <subfield code="c">24 cm</subfield>
  </datafield>
  <datafield tag="520" ind1="#" ind2="#">
   <subfield code="a">Ace your exam preparation and ramp up quickly on Windows Server 2003 by working at your own pace through the lessons, hands-on exercises, and practice tests. The Readiness Review Suite on CD, featuring advanced technology from MeasureUp, provides 425 challenging questions for in-depth self-assessment and practice. Choose timed or untimed testing mode, generate random tests, or focus on discrete objectives or chapters, and get detailed explanations for right and wrong answers—including pointers to other sources for further study. You also get a 180-day evaluation version of Windows Server 2003 software and a 15 percent exam discount voucher—making this kit an exceptional value and a great career investment.</subfield>
  </datafield>
  <datafield tag="520" ind1="#" ind2="#">
   <subfield code="a">Announcing an all-new MCSA/MCSE Training Kit designed to help maximize your performance on Exam 70-290, a core exam for the new Windows Server 2003 certification. This kit packs the tools and features exam candidates want most—including in-depth, self-paced training; rigorous, objective-by-objective review; exam tips from expert, exam-certified authors; and a robust testing suite. It also provides real-world scenarios, case studies, and troubleshooting labs for the skills and expertise you can apply to the job.</subfield>
  </datafield>
  <datafield tag="520" ind1="#" ind2="#">
   <subfield code="a">Focusing on account and resource management in a Windows Server 2003 environment, this official study guide covers topics such as managing physical and logical devices; users, computers, and groups; access and permissions; the server environment; and disaster recovery services.</subfield>
  </datafield>
  <datafield tag="650" ind1="#" ind2="4">
   <subfield code="a">Microsoft Software</subfield>
  </datafield>
  <datafield tag="650" ind1="#" ind2="4">
   <subfield code="a">Microsoft Windows Server</subfield>
  </datafield>
  <datafield tag="700" ind1="0" ind2="#">
   <subfield code="a">Thomas Orin</subfield>
  </datafield>
  <datafield tag="721" ind1="#" ind2="#">
   <subfield code="a">Công nghệ thông tin</subfield>
  </datafield>
  <datafield tag="841" ind1="#" ind2="#">
   <subfield code="b">Kho Sách </subfield>
   <subfield code="j">100030554</subfield>
  </datafield>
 </record>
</collection>
